Selectae é Veteri Testamento historiae ad usum eorum qui regio in Archigymnasio Divi Isidori Matrit. (Registro nro. 66018)

Detalles MARC
000 -ENCABEZADO
Número de control [NR] 02291nam a2200301Ia 4500
005 - FECHA Y HORA DE LA ÚLTIMA TRANSACCIÓN
control field 20150811081525.0
008 - DE LONGITUD FIJA DE DATOS DE ELEMENTOS - INFORMACIÓN GENERAL
Elementos de longitud fija [NR] 130821s1805 sp fr 1 latsd
040 ## - FUENTE DE CATALOGACION [NR]
Agencia de catalogación original [NR] Co-BoUCM
Idioma de catalogación [NR] spa
Quien Cataloga Sandra Yazo (modificó)
Quien Clasifica Sandra Yazo (modificó)
041 0# - CODIGO DE IDIOMA [R]
Código de idioma para texto/pista de sonido o título separado [R] Latín
082 04 - NUMERO DE CLASIFICACION DECIMAL DEWEY [R]
Número de clasificación [R] 470.7
Número de la edición [NR] 20
092 ## - SIGNATURA TOPOGRAFICA LOCAL
Número de clasificación local E01N072
110 1# - ASIENTO PRINCIPAL--NOMBRE CORPORATIVO [NR]
Nombre corporativo o de jurisdicción como elemento de entrada [NR] Archigymnasio Divi Isidori Matrit [Real Colegio de San Isidoro de Madrid]
ID de autoridad 70733
242 00 - TRADUCCION DEL TITULO POR LA AGENCIA CATALOGADORA [R]
Título [NR] Textos selectos de historias del Antiguo Testamento para los que estudian las bases del latín en el Real Colegio de San Isidro de Madrid
Parte restante del título [NR] Se completa con un resumen de la vida de Jesucristo, de la Virgen María y de los Santos Apóstoles. Tomo primero
245 10 - MENCION DE TITULO [NR]
Título [NR] Selectae é Veteri Testamento historiae ad usum eorum qui regio in Archigymnasio Divi Isidori Matrit.
Parte restante del título [NR] Latinae linguae rudimentis imbuuntur Accedit synopsis vitae Jesu Christi, Beatae Mariae Virginis, et sanctorum Apostolorum ... Tomus primus
250 ## - MENCION DE EDICION [NR]
Mención de edición [NR] Editio tertia Matritensis [Tercera edición de Madrid]
Resto de la mención de edición [NR] Á pluribus mendis accuratius expurgata [Cuidadosamente corregida de muchos erratas]
260 ## - PUBLICACION, DISTRIBUCION, ETC. (PIE DE IMPRENTA) [R]
Lugar de publicación, distribución, etc. [R] Matriti [Madrid] (España)
Nombre del editor, distribuidor, etc. [R] Ex Typographia Regii Arbitrii Beneficentiae [Tipografia del Real Arbitrio de Beneficencia]
Fecha de publicación, distribución, etc. [R] 1805
300 ## - DESCRIPCION FISICA [R]
Extensión [R] xvi, 207 páginas
Dimensiones [R] 15 x 10 cm.
500 ## - NOTA GENERAL [R]
Nota general [NR] Detalles físicos: Encuadernación rígida, cartón forrado en cuero. Tapas y lomo con raspaduras, desgaste y notorios adornos repujados y en dorado sobre el lomo. Guardas en papel de agua. Guarda delantera con anotaciones manuscritas y rotura. Portada impresa en una sola tinta. Texto impreso en una columna, con varios tipos de letra
505 1# - NOTA DE CONTENIDO CON FORMATO PREESTABLECIDO [R]
Nota de contenido con formato preestablecido [NR] Textos seleccionados del Antiguo Testamento ; Vida de Jesucristo ; Vida de la Santísima Virgen María ; Vida de los Santos Apóstoles
506 ## - NOTA DE RESTRICCIONES DE ACCESO [R]
Condiciones de acceso [NR] Consulta en sala
546 ## - NOTA DE IDIOMA [R]
Nota de idioma [NR] Texto en latín
650 #7 - ASIENTO SECUNDARIO DE MATERIA - TERMINO TEMATICO [R]
Término temático o nombre geográfico como elemento de entrada [NR] Latín
Subdivisión de forma [R] Libros de texto
9 (RLIN) 18289
650 #7 - ASIENTO SECUNDARIO DE MATERIA - TERMINO TEMATICO [R]
Término temático o nombre geográfico como elemento de entrada [NR] Latín
Subdivisión general [R] Enseñanza
9 (RLIN) 18289
650 #7 - ASIENTO SECUNDARIO DE MATERIA - TERMINO TEMATICO [R]
Término temático o nombre geográfico como elemento de entrada [NR] Filología latina
9 (RLIN) 15721
690 ## - ASUNTO AGREGADO LOCAL DE ENTRADA - TÉRMINO TEMÁTICO (OCLC, RLIN)
9 (RLIN) 42858
Acceso temático local Lingüística aplicada
856 41 - LOCALIZACION Y ACCESO ELECTRONICOS [R]
Nota dirigida al público [R] Disponible en línea 4 ed.
Identificador Uniforme del Recurso (“URI”) [R] <a href="http://books.google.com.co/books?id=DU60pOkZ7hwC&printsec=frontcover&dq=Selectae+%C3%A9+Veteri+Testamento++1815&hl=es&sa=X&ei=bBSdUIXULtDsigKLsICgCw&ved=0CDMQ6AEwAg#v=onepage&q&f=false">http://books.google.com.co/books?id=DU60pOkZ7hwC&printsec=frontcover&dq=Selectae+%C3%A9+Veteri+Testamento++1815&hl=es&sa=X&ei=bBSdUIXULtDsigKLsICgCw&ved=0CDMQ6AEwAg#v=onepage&q&f=false</a>
942 ## - ELEMENTOS DE ENTRADA AGREGADOS (KOHA)
Tipo de ítem principal el descrito en 300a Libro
Tema principal 12
Edición 3
Sistema de clasificación LOCAL
Clasificación E01N071
Existencias
Suprimido Perdido Sistema de clasificación Dañado No prestable Tipo de ítem específico Ubicación habitual Ubicación actual Localización Fecha de creación Forma de adquisición Costo Total préstamos Signatura topográfica Código de barras Última vez visto Ejemplar Price effective from Tipo de ítem
    LOCAL     Libro archivo Archivo Histórico Archivo Histórico Archivo histórico 28/02/2013 Donación 0.00   E01N072 L000159 15/12/2012 Ej.1 03/02/2013 Libro